Score 0/23 Timer 02:00
3 Plays Today
Question Answer Wrong Answers
United States Of America Washington DC
93.8%
Los Angeles
0.2%
New York
0.5%
Boston
0.2%
Mexico Mexico City
93.3%
Tijuana
0.5%
Monterrey
0.3%
Guadalajara
0.5%
Cuba Havana
92.1%
Varadera
0.3%
Santiago de Cuba
1.4%
Santa Clara
0.8%
Panama Panama City
92%
Colon
0.7%
Las Palmas
0.9%
Quito
0.9%
Haiti Port-au-Prince
87.6%
Santo Domingo
3.7%
Fort-de-France
1.8%
Cap-Haitien
1.4%
Guatemala Guatemala City
86.6%
Montevideo
3.8%
Santa Clara
2.3%
Medira
1.6%
El Salvador San Salvador
85.8%
Guadalajara
3.2%
Acapulco
1.5%
San Miguel
3.8%
Canada Ottawa
84.5%
Toronto
5%
Montreal
3.5%
Vancouver
1.7%
Costa Rica San Jose
84.1%
Valencia
4.6%
Lima
2.9%
Holguín
2.7%
Bahamas Nassau
79.6%
Freeport
7.7%
Montego Bay
3.9%
Port of Spain
3.3%
Jamaica Kingston
78.4%
Montego Bay
1.9%
Kingstown
13.7%
Ochos Rios
0.8%
Dominican Republic Santo Domingo
77.6%
San Jose
7.7%
Santiago
7.3%
Managua
1.9%
Nicaragua Managua
75.2%
Líberia
2.5%
San Juan
12.1%
Medellin
4.3%
Trinidad and Tobago Port of Spain
72.4%
Trinidad
9.1%
Port of Spaniard
3%
Puerto La Cruz
9.4%
Grenada St George's
68.3%
St David's
6.4%
Grenade City
12.4%
Rosalie
6.5%
Barbados Bridgetown
67.7%
San Fernando
3.8%
Bridgeport
15%
San Miguel
7.4%
Honduras Tegucigalpa
67%
San Pedro Sula
9.1%
Paramaribo
11.2%
Recife
6.4%
St. Lucia Castries
61%
Oranjestad
9%
Savannes
12.5%
Dos Playas
10.5%
St. Vincent and the Grenadines Kingstown
57.2%
St. Vincent
19.6%
Kingston
7.5%
Grenadine City
9.5%
Antigua and Barbuda St John's
54.2%
Antigua
11.1%
St George's
19.1%
Sainte-Anne
9.2%
St. Kitts and Nevis Basseterre
51.9%
Nevis
14.2%
San Fernando
6.1%
Port Novo
21.3%
Belize Belmopan
50.7%
Belize City
32.1%
St. Vincent
5%
Tegucigalpa
6.5%
Dominica Roseau
46.1%
Castries
7.9%
Port Royale
26.7%
Basseterre
12.8%
Remove Ads.
Support Sporcle.
Get the best of Sporcle when you Go Orange. This ad-free experience offers more features, more stats, and more fun while also helping to support Sporcle. Thank you for becoming a member.

You're not logged in!

Compare scores with friends on all Sporcle quizzes.
OR
Log In

Show Comments

Extras

Top Quizzes Today


Score Distribution

Your Account Isn't Verified!

In order to create a playlist on Sporcle, you need to verify the email address you used during registration. Go to your Sporcle Settings to finish the process.

Report this User

Report this user for behavior that violates our Community Guidelines.

Details: